Images That Start with 'G' Quiz Stats

 Plays Quiz Updated Oct 1, 2018

Challenge
Share
Tweet
Score 0/20 Timer 04:00
0 Plays Today
% Correct
grapefruit
96.4%
garlic
93.1%
grasshopper
88.7%
Germany
87.9%
greyhound
87.8%
graffiti
86.1%
gazebo
84.4%
gecko
84.3%
gavel
80.2%
gazelle
78.6%
% Correct
Georgia
76.9%
gargoyle
74.7%
ginger
74.5%
gopher
71.4%
guillotine
70.7%
gourds
56.8%
guavas
52.4%
garnet
50.5%
gramophone
47.9%
gnu
35.9%

You're not logged in!

Compare scores with friends on all Sporcle quizzes.
OR
Log In

You Might Also Like...

Show Comments

Extras

Top Quizzes Today


Score Distribution

Your Account Isn't Verified!

In order to create a playlist on Sporcle, you need to verify the email address you used during registration. Go to your Sporcle Settings to finish the process.

Report this User

Report this user for behavior that violates our Community Guidelines.

Details: